| 000 | 00535nam a22001937a 4500 | ||
|---|---|---|---|
| 008 | 230706b |||||||| |||| 00| 0 eng d | ||
| 020 | _a8170556961 | ||
| 040 |
_aNational Science Library _cNational Science Library |
||
| 080 |
_a82-1BAD _bQ0 |
||
| 100 | _aBadra, Bashir | ||
| 245 | _aकल्चर यकसां | ||
| 246 | _aCulture uksan | ||
| 260 |
_aNew Delhi: _bVani Prakashan, _c2010 |
||
| 300 | _a431p. | ||
| 365 |
_b425.00 _cINR |
||
| 650 | _aHindi literature | ||
| 700 | _aSingh, Basant Pratap | ||
| 942 |
_2udc _cHBK |
||
| 999 |
_c49999 _d49999 |
||